Französische Wörter #1 - Statistiken

Allgemein
  • Dieses Quiz wurde 302 mal gespielt
  • Das Durchschnittsergebnis liegt bei 13 aus 25
Antwortstatistiken
Französisch Deutsch % Korrekt
je ich
96%
avec mit
93%
neuf neu
89%
vous ihr
88%
je ne sais pas ich weiss nicht
77%
prendre nehmen
74%
chanteur Sänger
71%
vue Aussicht
70%
jeu Spiel
70%
agriculteur Landwirt
69%
fôret Wald
69%
pout-être vielleicht
63%
étoile Stern
48%
vieux alt
46%
espace Platz
43%
depuis seit
43%
embrasser küssen
39%
chaussette Socke
33%
dur hart
30%
publicité Werbung
18%
se coucher sich hinlegen
13%
fâché verärgert
11%
robinet Wasserhahn
9%
en conclusion abschliessend
7%
goutte Tropfen
6%
Keine übereinstimmenden Quizze gefunden
Verteilung der Resultate
Anzahl Personen mit jedem Resultat
Perzentil nach korrekt beantworteten Fragen
Ihre Resultats-Entwicklung
Sie haben dieses Quiz noch nicht gespielt